000 00928nam a2200289 a 4500
001 000032886
003 DO-SdBNP
005 20250130072223.0
007 ta
008 110801t1957 sp r 001 0bspa d
040 _aDO-SdBNP
_bspa
_cBNPHU
_erda
041 _hspa
082 _a923.17293
_bT866h, 1957
_222
100 1 _aHerraiz, Ismael
_eautor
_958629
245 1 0 _aTrujillo dentro de la historia /
_cIsmael Herraiz.
260 _c.
264 _aMadrid, España :
_bEdiciones Acies,
_c1957
300 _a420 páginas ;
_c22 cm.
336 _ardacontent
_btexto
_2txt
337 _ardamedia
_bsin mediación
_2n
338 _ardacarrier
_bvolumen
_2nc
590 _aInventariado, 2018/BT
600 1 0 _aTrujillo Molina, Rafael Leónidas,
_d 1891-1961
_976764
651 4 _aRepública Dominicana
_xPolítica Y Gobierno
_yERA DE TRUJILLO, 1930-1961
_91374
910 _aValidado. Control de calidad. EMS
942 _2ddc
_cLBS1
999 _c32377
_d32377